[Event "IND-ch (Women) 48th"]
[Site "Hatkanangale"]
[Date "2023.01.02"]
[Round "8"]
[White "Radhika Devi, Chavali"]
[Black "Anagha, Yardi"]
[Result "1/2-1/2"]
[WhiteElo "1295"]
[BlackElo "1136"]
[PlyCount "71"]
[EventDate "2022.12.26"]
[EventType "swiss"]
[EventRounds "11"]
[EventCountry "IND"]
[SourceTitle "CBM 212 Extra"]
[Source "ChessBase"]
[SourceDate "2023.03.31"]
[SourceVersion "1"]
[SourceVersionDate "2023.03.31"]
[SourceQuality "1"]

1. e4 e5 2. Nc3 Nf6 3. Bc4 Be7 4. d3 0-0 5. Nf3 d6 6. 0-0 Nc6 7. Bg5 a6 8. a4 Bg4 9. h3 Bh5 10. Re1 Re8 11. Re3 Bg6 12. Nh4 Na7 13. Nxg6 hxg6 14. Bxf6 Bxf6 15. Nd5 Nc6 16. Qf1 Nd4 17. c3 Ne6 18. Nxf6+ gxf6 19. Bxe6 Rxe6 20. b4 Kg7 21. b5 axb5 22. axb5 Rxa1 23. Qxa1 Qd7 24. c4 Re8 25. d4 Qe6 26. dxe5 dxe5 27. c5 b6 28. Rc3 bxc5 29. Rxc5 Re7 30. Qc1 Qb6 31. Rd5 c6 32. bxc6 Rc7 33. Kf1 Rxc6 34. Qd2 Qb1+ 35. Qd1 Qxd1+ 36. Rxd1 1/2-1/2

[Event "IND-ch (Women) 48th"]
[Site "Hatkanangale"]
[Date "2022.12.27"]
[Round "2"]
[White "Adyasha, Pattnaik"]
[Black "Anagha, Yardi"]
[Result "1-0"]
[WhiteElo "1463"]
[BlackElo "1136"]
[PlyCount "81"]
[EventDate "2022.12.26"]
[EventType "swiss"]
[EventRounds "11"]
[EventCountry "IND"]
[SourceTitle "CBM 212 Extra"]
[Source "ChessBase"]
[SourceDate "2023.03.31"]
[SourceVersion "1"]
[SourceVersionDate "2023.03.31"]
[SourceQuality "1"]

1. d4 Nf6 2. Nf3 d5 3. Bf4 e6 4. e3 c5 5. c3 cxd4 6. exd4 Be7 7. Ne5 0-0 8. Bd3 Nbd7 9. 0-0 Nxe5 10. dxe5 Nd7 11. Qh5 g6 12. Qh3 Re8 13. Nd2 Nf8 14. Nf3 a6 15. g4 f6 16. Bh6 fxe5 17. Nxe5 Bf6 18. Rae1 Bg7 19. g5 Nd7 20. Bxg7 Kxg7 21. Qh6+ Kg8 22. Bxg6 Nxe5 23. Qxh7+ Kf8 24. Qh8+ Ke7 25. Qg7+ Kd6 26. Qxe5+ Kc6 27. Bxe8+ Qxe8 28. h4 Bd7 29. b3 Qh5 30. Qf4 Rh8 31. c4 Rf8 32. cxd5+ exd5 33. Rc1+ Kb5 34. Qa4+ Kb6 35. Qxd7 Qxh4 36. Qc7+ Ka7 37. Qc5+ Ka8 38. Qxf8+ Ka7 39. Qf5 d4 40. Rc8 Qh7 41. Qxh7 1-0